WELDING - ROBOT '88 Automatizácia a robotizácia zvárania. Konferencia

Salvato in:
Dettagli Bibliografici
Natura: Libro
Lingua:slovacco
Pubblicazione: Bratislava Dom techn. ČSVTS 1988
Edizione:1. vyd.
Tags: Aggiungi Tag
Nessun Tag, puoi essere il primo ad aggiungerne!!

MARC

LEADER 00000nam a2200000 4500
001 c023947
005 20221219092641.9
041 0 |a slo 
044 |a SK 
245 1 0 |a WELDING - ROBOT '88  |b Automatizácia a robotizácia zvárania. Konferencia 
250 |a 1. vyd. 
264 1 |a Bratislava  |b Dom techn. ČSVTS  |c 1988 
300 |a 2 diely